Análisis de la Ley Federal de Competencia Económica y propuetas para una mejor regulación /

Guardado en:
Detalles Bibliográficos
Autor principal: Félix Bodart, Gustavo (autor)
Otros autores: Ezkauriatza Fregoso, Oscar Rafael de
Formato: Tesis Libro
Idioma:Español
Temas:
Etiquetas: Agrega una etiqueta
Sin etiquetas, Sé el primero en etiquetar este registro!

MARC

LEADER 00000nam^a2200000^a^4500
001 000066851
005 20250521000000.0
009 20260310091231.458
037 |a Acervo ITESO - Biblioteca 
041 |a ESP 
090 |a DER. 185 
100 |a Félix Bodart, Gustavo  |e (autor) 
245 1 0 |a Análisis de la Ley Federal de Competencia Económica y propuetas para una mejor regulación /  |c G. Félix Bodart, O.F. de Ezkauriatza Fregoso. 
264 |a Guadalajara, México :  |b edición de autor,  |c 1998 
300 |a 285 p. 
336 |a texto  |b txt  |2 rdacontenido 
337 |a sin mediación  |b n  |2 rdamedio 
338 |a volumen  |b nc  |2 rdasoporte 
502 |a ITESO Tesis de Licenciatura en Derecho 
649 |a XX 
650 |a Competencia (Economía) -  |z México -  |x Leyes y Reglamentos 
650 |a Derecho Económico 
650 |a Derecho Público 
650 |a Economía -  |z México 
700 |a Ezkauriatza Fregoso, Oscar Rafael de 
910 |a Fondo General 
920 |a Impresos - Tesis del ITESO 
930 |a Colección General 
905 |a 104 
901 |a 0500022417  |b IT2  |c TSS  |u 20250521 
902 |a https://opac.biblio.iteso.mx/vufind/Record/000066851